Deeply /

Závěrečný díl osudů Andie a June a jejich přátel ze studentského Seattlu.

Main Author: Reed, Ava, 1987-
Other Authors: Nimrichtrová, Nora, 1973-
Language: Czech
Published: Praha : Dobrovský s.r.o., 2022
Series: Red
Physical Description: 346 stran ; 21 cm
Language note: Český text
Book
Saved in:
LEADER 02097nam a2200469 i 4500
001 nkc20223428819
003 CZ PrNK
005 20221027132557.0
007 ta
008 220616s2022 xr g 000 f cze
015 |a cnb003428819 
020 |a 978-80-7642-600-9  |q (vázáno) 
035 |a (OCoLC)1350560818 
040 |a ABG001  |b cze  |d ABA001  |e rda 
041 1 |a cze  |h ger 
072 7 |a 821.112.2-3  |x Německá próza, německy psaná  |2 Konspekt  |9 25 
080 |a 821.112.2-31  |2 MRF 
080 |a (0:82-312.5)  |2 MRF 
100 1 |a Reed, Ava,  |d 1987-  |7 xx0260121  |4 aut 
240 1 0 |a Deeply.  |l Česky 
245 1 0 |a Deeply /  |c Ava Reed ; z německého originálu Deeply přeložila Nora Nimrichtrová 
264 1 |a Praha :  |b Dobrovský s.r.o.,  |c 2022 
300 |a 346 stran ;  |c 21 cm 
336 |a text  |b txt  |2 rdacontent 
337 |a bez média  |b n  |2 rdamedia 
338 |a svazek  |b nc  |2 rdacarrier 
490 1 |a Red 
520 2 |a Závěrečný díl osudů Andie a June a jejich přátel ze studentského Seattlu.  |b Zoey už příliš dlouho utíkala před strašlivým zážitkem z minulosti. Teď chce zase vzít život do svých rukou a začít studovat psychologii. Odstěhuje se do Seattlu, aby začala znovu, a má štěstí, protože v bytě, kde bydlí její bratr, je volný pokoj. Jedním z jejích nových spolubydlících je i Dylan - přátelský, ale uzavřený, skrývající tajemství, které skoro nikdo nezná. Ale Zoey ho magicky přitahuje, tak se ti dva pomalu sbližují. Nakladatelská anotace. Kráceno. 
546 |a Český text 
655 7 |a německé romány  |7 fd132945  |2 czenas 
655 7 |a milostné romány  |7 fd132840  |2 czenas 
655 9 |a German fiction  |2 eczenas 
655 9 |a love novels  |2 eczenas 
700 1 |a Nimrichtrová, Nora,  |d 1973-  |7 xx0074342  |4 trl 
787 0 8 |i Z cyklu:  |t Truly, Madly, Deeply  |g 3 
830 0 |a Red  |0 s 
910 2 |a BOA001  |b 2-1494.765 
920 |a 4655200  |z ABG001 
990 |a BK 
995 |a 01 
991 |b 202210  |c NOV 
996 6 |b 2610916354  |c 2-1494.765  |l MZK  |r Sklad / do 1 hodiny  |n 0  |p p.v.  |w 001901277  |u 000010  |a 1  |e BOA001  |j MZK50  |s P